000 00448nam a22001577a 4500
003 OSt
005 20240418160914.0
008 240418b |||||||| |||| 00| 0 eng d
040 _cMRSPTU
100 _aHalwarvi, Harbhajan (ਹਲਵਾਰਵੀ. ਹਰਭਜਨ)
245 _aChonvin Kavita (ਚੋਣਵੀਂ ਕਵਿਤਾ)
250 _a1st
260 _aPunjab
_bDirector Education Department
_c1997
300 _a123
942 _2ddc
_cBK
_n0
999 _c10091
_d10091